000 00694nam a2200253Ia 4500
003 OSt
005 20221005132028.0
006 a|||||r|||| 00| 0
007 ta
008 221004b |||||||| |||| 00| 0 eng d
024 _a55131
037 _cTextual
040 _aCRL
_cCRL
_beng
041 _2eng
_aeng
082 _aT:3:B, J6
100 _aRassweiler Merrill
_9640491
245 0 _aTeachers manual
_b Notes and answers on mathematics and measurements.
260 _c1956
650 _a TEACHING
_934578
650 _aEDUCATION
700 _a Harris J Merle
_9640492
942 _hT:3:B, J6
_cTEXL
_2cc
999 _c1062223
_d1062223